| 000 | 00811nam a2200265Ia 4500 | ||
|---|---|---|---|
| 003 | OSt | ||
| 005 | 20230724144538.0 | ||
| 008 | 210716s1993 xx 000 0 und d | ||
| 020 | _a8170293367 | ||
| 040 | _cAIMIT LIBRARY | ||
| 041 | _aeng | ||
| 082 |
_a005.43 _21 _bTHAK |
||
| 100 |
_aThakkar, Kaushal. _9127906 |
||
| 245 |
_aVijay Mukhi's working with unix / _cBy Kaushal Thakkar ...[et.al.]. |
||
| 250 | _a1st ed. | ||
| 260 |
_aNew Delhi : _bBPB Publications , _c1993. |
||
| 300 |
_axviii,523 p.; _bPB _c22.5 cm. |
||
| 650 |
_aLearning thr ropes _9127907 |
||
| 650 |
_aGaining momentum _9127908 |
||
| 650 |
_aAdvanced vi techniques _9127909 |
||
| 700 |
_aDattani, Kiran. _9127910 |
||
| 700 |
_aMirchandani, Ramesh. _9127911 |
||
| 700 |
_aMalanj, Ashish. _9127912 |
||
| 942 |
_2ddc _cBK _e1st _k005.43 THAK |
||
| 999 |
_c183442 _d183442 |
||